000 00517nam a2200181Ia 4500
999 _c21815
_d21815
003 OSt
005 20200708101157.0
008 190216s9999||||xx |||||||||||||| ||und||
020 _a9781780763194
040 _coclc
082 _a958.1
_bSAI/Z
100 _aSaikal, Amin
_92389
245 0 _aZone Of Crisis Afghanistan,Pakistan,Iran And Iraq /
_cAmin Saikal
260 _bI.B.Tauris,
_c2014.
_aLondon:
300 _a226p
650 _aHistory
942 _cBK
_2ddc
_h958.1
_iSAI/Z
_k958.1
_mSAI/Z